Der Göttergatte Operette in einem Vorspiel und 2 Acten : Clavierauszug mit Text (Clavierparticell) /
| Main Author: | Lehár, Franz, 1870-1948 |
|---|---|
| Other Authors: | Léon, Victor, 1858-1940, Stein, Leo, 1862-1920 |
| Language: | German |
| Published: |
Wien : Doblinger, 1904 |
| Physical Description: |
119 s. |
| LEADER | 00885ncm a22002292a 4500 | ||
|---|---|---|---|
| 001 | 001142992 | ||
| 003 | CZ BrMZK | ||
| 005 | 20111020123940.0 | ||
| 007 | qu | ||
| 008 | 110406s1904 au |||||||||||||||||ger d | ||
| 040 | |a BOA001 |b cze | ||
| 072 | 7 | |a 782 |x Divadelní hudba. Opera, opereta, muzikál |2 Konspekt |9 9 | |
| 100 | 1 | |a Lehár, Franz, |d 1870-1948 |7 jn19990210370 |4 cmp | |
| 245 | 1 | 4 | |a Der Göttergatte |h [hudebnina] : |b Operette in einem Vorspiel und 2 Acten : Clavierauszug mit Text (Clavierparticell) / |c Franz Lehár ; von Victor Léon und Leo Stein |
| 260 | |a Wien : |b Doblinger, |c 1904 | ||
| 300 | |a 119 s. | ||
| 700 | 1 | |a Léon, Victor, |d 1858-1940 |7 xx0018258 |4 lbt | |
| 700 | 1 | |a Stein, Leo, |d 1862-1920 |7 xx0039198 |4 lbt | |
| 910 | |a BOA001 |b Mus4-0262.901 | ||
| 990 | |a MU | ||
| 991 | |b 201104 | ||
| 996 | 6 | |b 2619510258 |c Mus4-0262.901 |l MZK |r Sklad / do 1 hodiny |n 0 |p W |w 001175464 |u 000010 |a 1 |e BOA001 |j MZK50 |s P | |
English
Čeština 